[Event "Sachsen-ch U10 Girls"]
[Site "Sebnitz"]
[Date "2009.04.17"]
[Round "7"]
[White "Knospe, Anna Roberta"]
[Black "Adam, Pauline"]
[Result "0-1"]
[WhiteElo "725"]
[BlackElo "852"]
[PlyCount "62"]
[EventDate "2009.04.14"]
[EventType "swiss"]
[EventRounds "7"]
[EventCountry "GER"]
[SourceTitle "EXT 2010"]
[Source "ChessBase"]
[SourceDate "2010.11.25"]
[SourceVersion "1"]
[SourceVersionDate "2010.11.25"]
[SourceQuality "1"]

1. Nf3 Nc6 2. g3 e5 3. Nc3 Bc5 4. Bg2 Nf6 5. e4 0-0 6. 0-0 d5 7. exd5 Nxd5 8. d3 Bg4 9. Bd2 Qd7 10. Bg5 h6 11. Bd2 Nf6 12. Qe1 Rae8 13. Ne4 Be7 14. Bc3 Bd8 15. Bb4 Be7 16. c3 Bxb4 17. cxb4 Qxd3 18. Nc5 Qb5 19. a3 b6 20. Nb7 Bc8 21. a4 Qxb4 22. Qc1 Bxb7 23. Qc2 e4 24. Nh4 Re5 25. Rad1 Ng4 26. Rd7 e3 27. Re1 Qxe1+ 28. Bf1 e2 29. Qxe2 Rxe2 30. Ng2 Qxf2+ 31. Kh1 Qxf1# 0-1

[Event "Sachsen-ch U10 Girls"]
[Site "Sebnitz"]
[Date "2009.04.15"]
[Round "3"]
[White "Halas, Julia"]
[Black "Adam, Pauline"]
[Result "1/2-1/2"]
[WhiteElo "988"]
[BlackElo "852"]
[PlyCount "55"]
[EventDate "2009.04.14"]
[EventType "swiss"]
[EventRounds "7"]
[EventCountry "GER"]
[SourceTitle "EXT 2010"]
[Source "ChessBase"]
[SourceDate "2010.11.25"]
[SourceVersion "1"]
[SourceVersionDate "2010.11.25"]
[SourceQuality "1"]

1. e4 e5 2. Nf3 Nc6 3. d4 exd4 4. Nxd4 Nf6 5. Nc3 Bb4 6. Nxc6 bxc6 7. Bd2 0-0 8. Bc4 d6 9. 0-0 Qe7 10. Re1 Be6 11. Ba6 Bxc3 12. Bxc3 Rae8 13. f3 h6 14. Qd2 Nd7 15. b3 d5 16. Bb7 Qc5+ 17. Bd4 Qb5 18. exd5 cxd5 19. Qc3 Re7 20. Bxg7 Rfe8 21. Bxh6 f6 22. Qxc7 Bf5 23. Bd2 Ne5 24. a4 Rxc7 25. axb5 Rxb7 26. c4 dxc4 27. bxc4 Rc8 28. Be3 1/2-1/2